000 01102nam a2200337 a 4500
001 33190299
003 OCoLC
005 20240318205907.0
008 950922s1995 nyua j 000 0 spa d
020 _a0590486586
020 _a9780590486583
040 _aCDU
_beng
_cCDU
_dYOL
041 1 _aspa
_heng
092 _aSP E HOB
100 1 _aHoban, Tana.
240 1 0 _aI read signs.
_lSpanish.
245 1 0 _aLeo letreros y senales /
_cTana Hoban.
260 _aNew York :
_bScholastic,
_cc1995.
300 _a32 pages :
_bcolor illustrations ;
_c21 x 25 cm.
336 _atext
_btxt
_2rdacontent.
337 _aunmediated
_bn
_2rdamedia.
338 _avolume
_bnc
_2rdacarrier.
500 _aBetween the Lions recommended books.
520 _aIntroduces signs and symbols frequently seen along the street.
650 0 _aTraffic signs and signals
_vJuvenile literature.
650 0 _aStreet signs
_vJuvenile literature.
650 0 _aSigns and signboards
_vJuvenile literature.
650 0 _aSpanish language materials
_vJuvenile literature.
655 7 _aPicture books.
_2lcgft.
942 _cBK
999 _c29389
_d29387